Представление документа в формате RUSMARC

Поле Инд. ПП Название Значение
Тип записи a
Библиографический уровень a
001 Контрольный номер RU/REP/BASE/00003211
005 Дата корректировки 20240910112920.5
200 1_ a Заглавие Развитие российского апелляционного производства по уголовным делам в свете решений Европейского Суда по правам человека
f Первые сведения об ответственности Качалова О.В.
b Общее обозначение материала Текст
203 a Вид содержания Текст : электронный
210 1_ d Дата издания 2014
300 a Общие примечания Чтение статьи доступно в Источнике
336 a Примечание о виде электронного ресурса PDF
461 _0 1 2001
a Российское правосудие
1 001RU/REP/BASE/00003485
463 _0 1 2000
a №3.
v С. 90-95
1 210
d 2014
610 0_ a Ключевые слова УГОЛОВНЫЙ ПРОЦЕСС РФ, АПЕЛЛЯЦИОННОЕ ПРОИЗВОДСТВО, ЕВРОПЕЙСКИЙ СУД, СУДЕБНЫЕ ПРАВОВЫЕ ПОЗИЦИИ, РАП
700 _1 a Фамилия Качалова
b Имя О.В.
901 t Тип документа b
w Контрольный № источника 48e9ac96e6f549e79317d97f31c42835
905 a Дата ввода 20180320